Fragmentace a regionalizace světové ekonomiky ve světle teorie i reality
Obsahové vymedzenie pojmu regionálna integrácia. Regionálne integračné organizácie. Pojem fragmentácia a jeho používanie. Základný prejav fragmentácie svetovej ekonomiky. Štáty sveta a ich rozdelenie do skupín podľa počtu obyvateľstva. Príčiny a niektoré dôsledky fragmentácie svetovej ekonomiky...
Gespeichert in:
| 1. Verfasser: | |
|---|---|
| Format: | Buchkapitel |
| Sprache: | Tschechisch |
| Schlagworte: | |
| Tags: |
Keine Tags, Fügen Sie das erste Tag hinzu!
|
MARC
| LEADER | 00000naa$a2200000$$$4500 | ||
|---|---|---|---|
| 001 | 0002029 | ||
| 005 | 20231002130509.7 | ||
| 041 | 0 | |a cze | |
| 044 | |a CZ | ||
| 245 | 1 | 0 | |a Fragmentace a regionalizace světové ekonomiky ve světle teorie i reality |c aut. Bohumír Zlý |
| 520 | |a Obsahové vymedzenie pojmu regionálna integrácia. Regionálne integračné organizácie. Pojem fragmentácia a jeho používanie. Základný prejav fragmentácie svetovej ekonomiky. Štáty sveta a ich rozdelenie do skupín podľa počtu obyvateľstva. Príčiny a niektoré dôsledky fragmentácie svetovej ekonomiky. Cesty oslabovania dôsledkov fragmentácie. Prehľad hlavných regionálnych integračných organizácií podľa svetadielov. | ||
| 610 | 2 | 0 | |a integrácia regionálna |
| 610 | 2 | 0 | |a hospodárstvo svetové |
| 610 | 2 | 0 | |a pojmy |
| 610 | 2 | 0 | |a hospodárstvo národné |
| 610 | 2 | 0 | |a organizácie obchodné |
| 610 | 2 | 0 | |a štát |
| 610 | 2 | 0 | |a integrácia ekonomická |
| 610 | 2 | 0 | |a vývoj spoločenský |
| 100 | 1 | |a Zlý, Bohumír | |